Statystyki dla QUIZ O JANUSZU Z CZWARTEJ FALI

Kliknij tutaj aby rozwiązać quiz!

Ogólne statystyki

  • Ten quiz został rozwiązany 8 razy
  • Średni wynik to 7 z 10

Statystyki odpowiedzi

PYTANIAOdpowiedź% Poprawnych
ULUBIONY NAPÓJ 1PIWO
100%
KRAJ W KTÓRYM MIESZKAPOLSKA
100%
NAJGORSZY CZŁOWIEK NA ŚWIECIESOMSIAD
100%
ULUBIONY NAPÓJ 2WÓDKA
100%
ŻONAGRAŻYNKA
71%
1 DZIECKOPJOTER
71%
SAMOCHÓD JANUSZA ( MARKA I MODEL)VOLKSWAGEN PASSAT
71%
NAJLEPSZE POWIEDZENIEKURŁA KIEDYŚ TO BYŁO
43%
2 DZIECKOJESSICA
29%
Z JAKIEGO KRAJU NIE LUBI LUDZINIEMCÓW
14%

Rozkład punktacji

Percentyl według liczby udzielonych odpowiedzi

Procent ludzi z każdym wynikiem

Twoja historia wyników

Nie rozwiązałeś tego quizu